Kitab al-Bukhala', El libro de los avaros, de al-Jahiz / fuente para la historia social del islam medieval /

Gardado en:
Detalles Bibliográficos
Autor Principal: Marín Guzmán, Roberto (autor)
Outros autores: Zermeño Padilla, Guillermo (prólogo) (prólogo)
Formato: Libro
Idioma:Lingua castelá
Publicado: México : El Colegio de México, Centro de Estudios de Asia y Africa, 2001, c2001
Temas:
Etiquetas: Engadir etiqueta
Sen Etiquetas, Sexa o primeiro en etiquetar este rexistro!

MARC

LEADER 00000nam^a2200000^a^4500
001 000161080
005 20250521000000.0
009 20260310100745.076
020 |a 968-12-0961-3 
037 |a Acervo ITESO - Biblioteca 
041 |a ESP 
082 |a 956. 013  |b MAR 
100 |a Marín Guzmán, Roberto  |e (autor) 
245 1 0 |a Kitab al-Bukhala', El libro de los avaros, de al-Jahiz /  |b fuente para la historia social del islam medieval /  |c R. Marín Guzmán. 
264 4 |a México :  |b El Colegio de México, Centro de Estudios de Asia y Africa,  |c 2001, c2001 
300 |a 250 p., 4 láminas 
336 |a texto  |b txt  |2 rdacontenido 
337 |a sin mediación  |b n  |2 rdamedio 
338 |a volumen  |b nc  |2 rdasoporte 
649 |a XX 
650 |a Escritores Iraquíes 
650 |a Escritores Arabes 
650 |a Marginados Sociales Arabes -  |x Historia 
650 |a Mujeres Arabes -  |x Condiciones Sociales y Culturales 
650 |a Mujeres Arabes -  |x Historia 
650 |a Arabes -  |x Historia 
650 |a Grupos Etnicos -  |z Medio Oriente -  |x Historia 
650 |a Igualdad y Desigualdad -  |z Medio Oriente -  |x Historia 
650 |a Gremios y Oficios -  |z Medio Oriente -  |x Historia 
650 |a Ocupaciones (Economía) -  |z Medio Oriente -  |x Historia 
650 |a División del Trabajo -  |z Medio Oriente -  |x Historia 
650 |a Economía -  |z Medio Oriente -  |x Historia 
650 |a Discriminación -  |z Medio Oriente -  |x Historia 
650 |a Marginación -  |z Medio Oriente -  |x Historia 
650 |a Problemas Sociales -  |z Medio Oriente -  |x Historia 
650 |a Literatura e Historia 
650 |a Literatura Iraquí -  |x Historia y Crítica 
650 |a Literatura Arabe -  |x Historia y Crítica 
650 |a Literatura Medieval -  |x Historia y Crítica 
650 |a Geografía Histórica -  |z Medio Oriente 
650 |a Historia Social -  |z Medio Oriente 
650 |a Medio Oriente -  |x Descripción 
650 |a Medio Oriente -  |x Historia 
650 |a Edad Media -  |x Historia 
650 |a al-Jahiz, Abu 'Uthman 'Amr Ibn Bahr 
700 |a Zermeño Padilla, Guillermo  |e (prólogo) 
910 |a Fondo General 
920 |a Impresos - Libros 
930 |a Colección General 
905 |a 101 
901 |a 0500092448  |b IT1  |c ACC  |u 20250521 
902 |a https://opac.biblio.iteso.mx/vufind/Record/000161080